01670naa a22003737a 4500001001000000003000900010005001700019007000300036008003400039040005400073041000900127072002600136090001800162100001400180100002200194100001600216100002100232111007600253245014000329246013700469246006400606500015300670773012200823650002000945650001800965650001500983650001400998650002101012490006901033942001501102909004001117999001901157952012001176BR8201342BR-BrBNA20250721143153.0ta250630b bl.|||m| |||| 00| 0 por d aBR-BrBNAbporcBiblioteca Nacional de Agricultura a(Pt) aH10b1112b3879b4050 aH10 BR82013421 aZem, A.C.1 aRodrigues, J.A.S.1 aAlves, E.J.1 aLordello, L.G.E.1 a5. Reuniao Brasileira de NematologiacLondrina, PR (Brazil)d9 Feb 19811 aEfeitos de nematicidas nas populacoes de nematoides e producao de bananeira "nanicao" [Banana nanica; Musa acuminata; Controle quimico]1 aEffects of nematicides on nematode populations and production of banana plants cultivar "Nanicao" [Musa acuminata; Chemical control]1 a[Works presented to the 5. Brazilian Meeting of Nematology] aTrabalhos apresentados a 5. Reuniao Brasileira de Nematologia Piracicaba, SP (Brasil): 1982. p. 57-70 [30 ref.; Summaries (EN, Pt)] (BR8201342-AMS) 0 tTrabalhos apresentados a 5. Reuniao Brasileira de NematologiawH10 BR8201342gPiracicaba, SP (Brasil), 1982. p. 57-70 aPraga de planta aBanana nanica aNematicida aNematoide aControle quimico aPublicacao - Sociedade Brasileira de Nematologia (Brazil)vno. 5 cAMS2AGRIS a202506bLúciac55dLúcia Elande c334083d334083 002AGRIS40708AGROBASEa41918b41918l0r2025-06-30t01yAMS10d2025-06-30ePortaria Interministerial nº 164/94